| 000 | 00400nam a2200133Ia 4500 | ||
|---|---|---|---|
| 008 | 150202s9999 xx 000 0 und d | ||
| 020 | _a583312659 | ||
| 050 |
_aFIC _bFIC |
||
| 100 | _aFarrell, Simon. | ||
| 245 | 4 |
_aThe fear factor : _bterrorism on the city / _cSimon Farrell. |
|
| 260 |
_aGreat Britain : _b Hodder and Stoughton Ltd., _c1988. |
||
| 300 |
_a224 pages : _c18 cm. |
||
| 650 | _aFiction. | ||
| 999 |
_c282008 _d282008 |
||